=LDR 00000nam 2200000 4500 =001 INLIS000000000011737 =005 20231212014757 =035 ##$$a 0010-061300000011737 =008 231212###########################0###### =041 ##$$a Ind =082 ##$$a 115.4 =090 ##$$a 150, Pen p =245 1#$$a Psikologi Perkembangan, Pengantar dalam berbagai bagian nya, F.J.Marks ; Penerjemah Siti Rahayu Haditmo =260 ##$$a 2002 :$b Yogyakarta Gajah Mada university =300 ##$$a xv, 425 hlm., ilus, 21 cm =650 #4$$a Psikologi Perkembangan =850 ##$$a NBPNMAT =084 ##$$a 115.4 MNK p =100 ##$$a Mnks, F.j =700 #$$a Haditmo, Siti Rahayu =990 ##$$a 10401573 =990 ##$$a 10401574 =990 ##$$a 10401575 =990 ##$$a 10401576 =990 ##$$a 00045091